01313nam0a22002891 4500001001100000005001700011021001900028035002600047100004100073101001300114102000700127105001800134200016200152210016000314215001600474300005100490300007200541320003500613513002300648606005800671700004900729702003500778702014500813801001800958801002200976852002500998rc\403658520260406064913.0 aRUb[49-41222] a(NLR Aleph) 008096055 a20130415d1949 |||y0rusy50 ca1 arusceng aRU ay z |||||1 aАлгебраическая топологияfПер. с англ. М.Р. Шура-БураgС предисл. П.С. Александрова, [с. 5-7] aМоскваcИзд-во иностр. лит.d1949gОбразцовая тип. им. ЖдановаgТип. им. Евг. Соколовой в Л. a504 с.d22 aПеред загл. авт.: С. Лефшец aНа доп. тит. л.: Algebraic topology. By S. Lefschetz. 1942 aБиблиогр.: с. 484-4910 aAlgebraic topology aТопология алгебраическая2psbo 1aЛефшецbС.f1884-1972gСоломон 1aШура-БураbМ.Р.4730 140808rus7caaАлександровbП. С.cд-р физ.-мат. наукf1896-1982gПавел Сергеевич3RU\NLR\AUTH\7724309 0aRUbNLRgpsbo 1aRUbELAR2rusmarc aNLRjМт02 Г-5/224